Finis les paroles - Laylow - Statistiques

Statistiques générales
  • Ce quiz a été pris 303 fois
  • Le résultat moyen est 5 sur 8
Statistiques - réponses
Hint Réponse % Correct
L’enfer c’est les autres, la porte d’à.... Côté
91%
Parce que c’est ta façon d’faire et qu’c’est la meilleure au.... Monde
89%
Teille de Jack Daniel’s, faut qu’je sorte d’ce monde, que j’fasse du mal à une..... Autre
80%
Y a rien d’normal dans c’monde pour celui qui est.... Spécial
68%
J’te raconte pas c’qui m’est passé par la te-tê.... Hier
64%
Avant tout, frère, j’veux être libre, faire du... Biff
57%
Tu t’es trompé, mais j’peux pas t’en vouloir, non, parce que c’lui qui a jamais.... Essayé
54%
J'pourrais même pas t'faire un schéma tellement tout ça c'est.... Mal
39%
Aucun quiz correspondant
Distribution des résultats
% des personnes avec chaque résultat
Percentile par nombre de réponses
Votre historique - résultats
Vous n’avez pas pris ce quiz